Digital processing of speech signals (Record no. 3415)
[ view plain ]
| 000 -LEADER | |
|---|---|
| fixed length control field | 00626nam a22002177a 4500 |
| 003 - CONTROL NUMBER IDENTIFIER | |
| control field | OSt |
| 005 - DATE AND TIME OF LATEST TRANSACTION | |
| control field | 20220107122725.0 |
| 008 - FIXED-LENGTH DATA ELEMENTS--GENERAL INFORMATION | |
| fixed length control field | 131022b xxu||||| |||| 00| 0 eng d |
| 020 ## - INTERNATIONAL STANDARD BOOK NUMBER | |
| International Standard Book Number | 9788131705131 |
| 040 ## - CATALOGING SOURCE | |
| Transcribing agency | IIITM-K |
| 082 ## - DEWEY DECIMAL CLASSIFICATION NUMBER | |
| Classification number | 006.454 RAB/D |
| 100 ## - MAIN ENTRY--PERSONAL NAME | |
| Personal name | Rabiner, Lawrence R |
| 9 (RLIN) | 2560 |
| 245 ## - TITLE STATEMENT | |
| Title | Digital processing of speech signals |
| Statement of responsibility, etc. | by Lawrence R Rabiner, Ronald W Schafer |
| 260 ## - PUBLICATION, DISTRIBUTION, ETC. | |
| Place of publication, distribution, etc. | New Delhi, |
| Name of publisher, distributor, etc. | Pearson, |
| Date of publication, distribution, etc. | 1993. |
| 300 ## - PHYSICAL DESCRIPTION | |
| Extent | 528p. |
| 650 ## - SUBJECT ADDED ENTRY--TOPICAL TERM | |
| Topical term or geographic name entry element | SIGNAL PROCESSING |
| 9 (RLIN) | 2561 |
| 650 ## - SUBJECT ADDED ENTRY--TOPICAL TERM | |
| Topical term or geographic name entry element | DIGITAL SIGNAL PROCESSING |
| 9 (RLIN) | 2562 |
| 650 ## - SUBJECT ADDED ENTRY--TOPICAL TERM | |
| Topical term or geographic name entry element | SPEECH SIGNALS |
| 9 (RLIN) | 2563 |
| 700 ## - ADDED ENTRY--PERSONAL NAME | |
| Personal name | Schafer, Ronald W |
| 9 (RLIN) | 2564 |
| 942 ## - ADDED ENTRY ELEMENTS (KOHA) | |
| Source of classification or shelving scheme | Dewey Decimal Classification |
| Koha item type | Books |
| Withdrawn status | Lost status | Source of classification or shelving scheme | Damaged status | Not for loan | Collection code | Home library | Current library | Shelving location | Date acquired | Total Checkouts | Full call number | Barcode | Date last seen | Date last checked out | Price effective from | Koha item type |
|---|---|---|---|---|---|---|---|---|---|---|---|---|---|---|---|---|
| Dewey Decimal Classification | Speech & Language Processing | Kerala University of Digital Sciences, Innovation and Technology Knowledge Centre | Kerala University of Digital Sciences, Innovation and Technology Knowledge Centre | Computer Science | 22/10/2013 | 5 | 006.454 RAB/D | 3078 | 29/03/2023 | 01/03/2023 | 22/10/2013 | Books |